000 00555nam a22001937a 4500
003 KOHA_MİRAKIL
005 20260324125421.0
008 260324b tu ||||| |||| 00| 0 tur d
020 _a9789944150620
040 _aTR-AnABB
_btur
_cTR-AnABB
041 _atur
082 _a320.956
_bTAV 2008
100 1 _aTavşanoğlu, Leyla Emeç
245 1 0 _aOrtadoğu'da satranç /
_cLeyla Emeç Tavşanoğlu
260 _aİstanbul :
_bCumhuriyet Kitapları,
_c2008
300 _a163 sayfa ;
_c20 cm
650 0 4 _aSiyasi tarih
942 _2ddc
_cBK
999 _c10021
_d10021
900 _bCan ÇELIK